000 00440nam a2200157 4500
001 111194
003 ES-MaACL
005 20230906185248.0
007 t|
008 061121s1971 sp r ||||1| spa d
100 1 _aOlcoz y Ojea, Francisco de.
_986688
245 1 0 _aHistoria valdorbesa /
_cFrancisco de Olcoz y Ojea.
260 _aEstella :
_bVerbo Divino,
_c1971.
300 _a460 p. ;
_c20 cm.
852 _aES-MaACL
_jC-49010
_bR.79141
999 _c111194
_d111194